Rosco de Pasapalabra #66 - Estadísticas

Estadísticas generales
  • Esta prueba ha sido intentada 258 veces
  • La puntuación promedio es 12 de 25
Estadísticas de respuestas
Inicial Definición Respuesta % Correcto
C Por oposición a drama o tragedia, obra de teatro de asunto ligero y desenlace feliz Comedia
94%
B Ave rapaz nocturna, de unos cuarenta centímetros de altura, con el pico corvo y los ojos grandes Búho
91%
A Cuarto de reducido tamaño de un edificio, con lavabo, inodoro y, a veces, algún otro sanitario Aseo
78%
M Imagen, video o texto, distorsionado con fines caricaturescos, que se suele difundir a través de internet Meme
78%
R En una comida, volver a servirse de un plato que ya se ha tomado Repetir
76%
G Mineral de color negro, constituido por carbono cristalizado, que se usa en la fabricación de lapiceros Grafito
72%
D Estudio estadístico de la población humana Demografía
67%
P Lugar en que se detienen los vehículos destinados a transportes públicos y donde esperan los pasajeros Parada
67%
V Canción popular, principalmente de asunto religioso, que se canta en Navidad Villancico
65%
T Artista que, en un espectáculo musical o de variedades, interviene antes de la actuación principal Telonero
64%
O Tomar una vivienda o un local deshabitados e instalarse en ellos sin el consentimiento de su propietario Okupar
63%
Contiene la Ñ Persona que practica el alpinismo Montañero
60%
Contiene la X Que tiene disposición para doblarse fácilmente Flexible
51%
Contiene la Q Deporte semejante al béisbol, que se practica entre dos equipos de once jugadores, en un campo de césped Criquet
49%
L Coloquialmente, sensación violenta producida por una descarga eléctrica Latigazo
39%
F Paté de hígado, generalmente de ave o de cerdo Fuagrás
37%
I Exención de culpa en un delito o en una mala acción Inocencia
37%
Z Movimiento revolucionario que lideró Emiliano Zapata en México a principios del siglo XX Zapatismo
37%
S Lengua romance que se habla en Cerdeña Sardo
33%
U Capacidad que posee un bien para satisfacer un deseo o necesidad Utilidad
29%
H Contrario o enemigo Hostil
21%
E Se dice del anacoreta que por mayor austeridad vivía sobre una columna Estilita
3%
J Ciudad de Nicaragua que es capital del departamento de Chontales Juigalpa
1%
N Permiso de navegación concedido a un barco mercante por un país en guerra, en tiempo de bloqueo Navicert
1%
Contiene la Y Apellido del historiador autor del libro “El caso Orlov” Volodarsky
1%
No se encontraron pruebas coincidentes
Distribución de puntuación
Porcentaje de gente con cada puntuación
Porcentaje por número respondido
Historial de tus puntuaciones
No has intentado esta prueba.